Effects of land use types on soil chemical properties in smallholder farmers of central highland Ethiopia

Podrobná bibliografia
Hlavní autori: Duguma, Lalisa Alemayehu (Author), Hager, Herbert (Author), Sieghardt, Monika (Author)
Médium: Článok
Jazyk:English
Témy:
Zdroj: 1. Ekológia (Bratislava) 1. Roč. 29, č. 1 (2010), s. 1-14 1. 1335-342X
LEADER 01144nab#a2200373#ar4500
001 000100321
003 SVKKK
005 20100504110134.0
008 080509c2010 xo |||||||||||||||b|eng
FMT
015 |a SNBRB2010/05 
038 |a SVKKK 
040 |a SVKKK  |b slo  |e AACR2 
041 0 |a eng  |b eng 
044 |a xo  |c SK 
080 |a 631.41  |2 1997 
080 |a 504.54  |2 1997 
100 1 |a Duguma, Lalisa Alemayehu  |4 aut 
242 1 0 |a Vplyv typov využívania krajiny na chemické vlastnosti pôdy na malých farmách hornatej strednej časti Etiópie 
245 1 0 |a Effects of land use types on soil chemical properties in smallholder farmers of central highland Ethiopia  |c Lalisa Alemayehu Duguma, Herbert Hager, Monika Sieghardt 
300 |b Obr., tab. 
504 |a Bibliogr. odkazy 
546 |a Res. angl. 
650 0 4 |a pôda  |x chemické vlastnosti  |x farmy 
700 1 |a Hager, Herbert  |4 aut 
700 1 |a Sieghardt, Monika  |4 aut 
773 0 |t Ekológia (Bratislava)  |g Roč. 29, č. 1 (2010), s. 1-14  |x 1335-342X 
958 |a NB 
974 |a Ni 
992 |a RBX 
BAS
852 |a SVKKK  |b BIB 
EXP
998 |a GEO